000 00368pab a2200145 454500
008 180718b2006 xxu||||| |||| 00| 0 eng d
100 _aJolly, Susie
245 _aNot so strange bedfellows: sexuality and international development
260 _c2006
300 _ap.77-80.
362 _aMar
650 _aSexual behaviour
773 _aDevelopment
909 _a71553
999 _c71553
_d71553